Contos proibidos (Record no. 46144)
[ view plain ]
| 000 -Etiqueta do registo | |
|---|---|
| Valores | 00556cam a2200217 4500 |
| 010 ## - Número ISBN | |
| ISBN | 9722013165 |
| 021 ## - Número do Depósito Legal | |
| Número | 96746/96 |
| 100 ## - Dados gerais de processamento | |
| Dados gerais | 20031024d1996 m y0pory50030103ba |
| 101 0# - Língua de publicação | |
| Língua | por |
| 102 ## - País de publicação | |
| País | PT |
| 200 1# - Titulo e menção de responsabilidade | |
| Título próprio | Contos proibidos |
| Informação de outro título | memórias de um PS desconhecido |
| Primeira menção de responsabilidade | Rui Mateus |
| 205 ## - Menção da edição | |
| Edição | 1.ª ed. |
| 210 #9 - Publicação | |
| Local de publicação | Lisboa |
| Nome do editor | Publicações Dom Quixote, |
| Data de publicação | 1996 |
| 215 ## - Descrição física | |
| Paginação / Volumes | 457 p., [32] p. il. |
| Outras indicações físicas | il. |
| Dimensões | 24 cm |
| 675 ## - CDU | |
| Notação | 32 |
| 675 ## - CDU | |
| Notação | 327PS |
| Edição | BN |
| Língua | por |
| 700 #1 - Autor principal | |
| Apelido | Mateus, |
| Nome | Rui, |
| Datas | 1944- |
| 801 #0 - Fonte de origem | |
| País | PT |
| Agência | BN |
| Regras de catalogação | RPC |
| 990 ## - Elementos KOHA | |
| Tipo de documento | Livro |
| Aquisição | Empréstimo | Código de barras | Cota | Permissão de empréstimo | Tipo de documento | Nota relativa ao exemplar |
|---|---|---|---|---|---|---|
| Biblioteca Municipal de Redondo | Biblioteca Municipal de Redondo | 057239 | 32 MAT | Livro | Oferta de Franklin Amaro cabreirinha |